000 00751cpcaa2200217 4500
001 mm 79003202
003 DLC
005 20260227111642.0
008 790423|||||||||||| eng
010 _amm 79003202
040 _aDLC
_cDLC
_edacs
_dDLC
072 7 _aN
_2lcmd
245 0 0 _aWashington, D.C., students' register,
_f1848-1852.
300 _a2
_fitems.
506 0 _aOpen to research.
546 _aCollection material in English.
580 _aForms part of: Miscellaneous Manuscripts collection.
650 0 _aStudents
_zWashington (D.C.)
999 _c41260
_d41260